| 000 | 00639nam a2200253Ia 4500 | ||
|---|---|---|---|
| 005 | 20250425162432.0 | ||
| 008 | 250425s9999 xx 000 0 und d | ||
| 020 | _a9788420544007 | ||
| 041 | _aspa | ||
| 082 | _a551 | ||
| 100 | _aTARBUCK, EDWARD J. | ||
| 245 | 0 | _aCIENCIAS DE LA TIERRA: UNA INTRODUCCION A LA GEOLOGIA FISICA | |
| 250 | _a8A ED. | ||
| 260 |
_aEspaƱa _bPEARSON EDUCACION _c2005 |
||
| 260 | _aMADRID | ||
| 300 | _a686 | ||
| 500 | _aINCLUYE 1 CD | ||
| 650 | _aCIENCIAS DE LA TIERRA | ||
| 650 | _aGEOLOGIA | ||
| 650 | _aGEOLOGIA FISICA | ||
| 700 | _aLUTGENS, FREDERICK K. | ||
| 942 | _c01 | ||
| 010 | _a73852 | ||
| 999 |
_c229184 _d229184 |
||